| 000 | 00923nam a22002417a 4500 | ||
|---|---|---|---|
| 999 |
_c6064 _d6064 |
||
| 003 | AR-CdUCM | ||
| 008 | 190313b ||||| |||| 00| 0 spa d | ||
| 040 |
_aMUNICIPALIDAD PROVINCIAL DEL CUSCO _cBIBLIOTECA MUNICIPAL DEL CUSCO |
||
| 082 |
_a082.985 / _bM617 |
||
| 100 |
_aMeza Chunga, Rigoberto _917668 |
||
| 245 | _aEl descubrimiento de América / | ||
| 260 |
_aTrujillo: _bLibertad, _c1992. |
||
| 300 |
_a54 páginas ; _c20 cm. |
||
| 440 |
_aColección homenaje al centenario de César Vallejo _n10 _917669 |
||
| 500 | _aPaginación con impresión de sello al agua. | ||
| 505 | _aContenido: Cada río -- Es imposible --Lo que entra --Las sombras... | ||
| 650 |
_aPoesía _9444 |
||
| 650 |
_aPoesía peruana _911982 |
||
| 650 |
_aSiglo XX _98 |
||
| 710 |
_aMunicipalidad provincial de Trujillo casa del artista. _tColección homenaje al centenario de César Vallejo _917670 |
||
| 942 |
_2ddc _cLIBROS |
||
| 945 | _aJavier | ||